<?xml version="1.0" encoding="UTF-8"?><marc:collection xmlns:marc="http://www.loc.gov/MARC21/slim">
  <marc:record>
    <marc:leader>04973nas a2200841 c 4500</marc:leader>
    <marc:controlfield tag="001">010004602</marc:controlfield>
    <marc:controlfield tag="003">DE-101</marc:controlfield>
    <marc:controlfield tag="005">20250407114628.0</marc:controlfield>
    <marc:controlfield tag="007">tu</marc:controlfield>
    <marc:controlfield tag="008">991118c19599999gw t||p|  ||| 0||||1ger c</marc:controlfield>
    <marc:datafield tag="016" ind1="7" ind2=" ">
      <marc:subfield code="2">DE-600</marc:subfield>
      <marc:subfield code="a">557-5</marc:subfield>
    </marc:datafield>
    <marc:datafield tag="016" ind1="7" ind2=" ">
      <marc:subfield code="2">DE-101</marc:subfield>
      <marc:subfield code="a">010004602</marc:subfield>
    </marc:datafield>
    <marc:datafield tag="022" ind1=" " ind2=" ">
      <marc:subfield code="a">0004-1157</marc:subfield>
    </marc:datafield>
    <marc:datafield tag="030" ind1=" " ind2=" ">
      <marc:subfield code="a">RGUMD</marc:subfield>
    </marc:datafield>
    <marc:datafield tag="035" ind1=" " ind2=" ">
      <marc:subfield code="a">(DE-599)ZDB557-5</marc:subfield>
    </marc:datafield>
    <marc:datafield tag="035" ind1=" " ind2=" ">
      <marc:subfield code="a">(OCoLC)1367303356</marc:subfield>
    </marc:datafield>
    <marc:datafield tag="040" ind1=" " ind2=" ">
      <marc:subfield code="a">9001</marc:subfield>
      <marc:subfield code="b">ger</marc:subfield>
      <marc:subfield code="c">DE-101</marc:subfield>
      <marc:subfield code="d">9001</marc:subfield>
    </marc:datafield>
    <marc:datafield tag="041" ind1=" " ind2=" ">
      <marc:subfield code="a">ger</marc:subfield>
    </marc:datafield>
    <marc:datafield tag="042" ind1=" " ind2=" ">
      <marc:subfield code="a">zdb</marc:subfield>
    </marc:datafield>
    <marc:datafield tag="044" ind1=" " ind2=" ">
      <marc:subfield code="c">XA-DE</marc:subfield>
    </marc:datafield>
    <marc:datafield tag="082" ind1="7" ind2="4">
      <marc:subfield code="a">100</marc:subfield>
      <marc:subfield code="a">300</marc:subfield>
      <marc:subfield code="q">DE-101</marc:subfield>
      <marc:subfield code="2">22sdnb</marc:subfield>
    </marc:datafield>
    <marc:datafield tag="083" ind1="7" ind2=" ">
      <marc:subfield code="a">100</marc:subfield>
      <marc:subfield code="a">300</marc:subfield>
      <marc:subfield code="a">330</marc:subfield>
      <marc:subfield code="q">DE-600</marc:subfield>
      <marc:subfield code="2">22sdnb</marc:subfield>
    </marc:datafield>
    <marc:datafield tag="084" ind1=" " ind2=" ">
      <marc:subfield code="a">3,4</marc:subfield>
      <marc:subfield code="a">5,1</marc:subfield>
      <marc:subfield code="2">ssgn</marc:subfield>
    </marc:datafield>
    <marc:datafield tag="084" ind1=" " ind2=" ">
      <marc:subfield code="a">PHILOS</marc:subfield>
      <marc:subfield code="q">DE-12</marc:subfield>
      <marc:subfield code="2">fid</marc:subfield>
    </marc:datafield>
    <marc:datafield tag="084" ind1=" " ind2=" ">
      <marc:subfield code="a">610</marc:subfield>
      <marc:subfield code="a">650</marc:subfield>
      <marc:subfield code="2">rpb</marc:subfield>
    </marc:datafield>
    <marc:datafield tag="084" ind1=" " ind2=" ">
      <marc:subfield code="a">c 2</marc:subfield>
      <marc:subfield code="a">v 2</marc:subfield>
      <marc:subfield code="2">ifzs</marc:subfield>
    </marc:datafield>
    <marc:datafield tag="084" ind1=" " ind2=" ">
      <marc:subfield code="a">CC 6900</marc:subfield>
      <marc:subfield code="a">MN 1000</marc:subfield>
      <marc:subfield code="2">rvk</marc:subfield>
    </marc:datafield>
    <marc:datafield tag="084" ind1=" " ind2=" ">
      <marc:subfield code="a">012000*zs</marc:subfield>
      <marc:subfield code="2">sbb</marc:subfield>
    </marc:datafield>
    <marc:datafield tag="210" ind1="0" ind2="0">
      <marc:subfield code="a">Argument</marc:subfield>
    </marc:datafield>
    <marc:datafield tag="245" ind1="0" ind2="0">
      <marc:subfield code="a">&#152;Das&#156; Argument</marc:subfield>
      <marc:subfield code="b">Zeitschrift für Philosophie und Sozialwissenschaften</marc:subfield>
      <marc:subfield code="c">herausgegeben im Auftrag des Berliner Instituts für kritische Theorie (InkriT)</marc:subfield>
    </marc:datafield>
    <marc:datafield tag="246" ind1="1" ind2="3">
      <marc:subfield code="a">&#152;Das&#156; Argument &lt;Berlin&gt;</marc:subfield>
    </marc:datafield>
    <marc:datafield tag="247" ind1="0" ind2="0">
      <marc:subfield code="a">Berliner Hefte für Politik und Kultur</marc:subfield>
      <marc:subfield code="f">Zusatz anfangs</marc:subfield>
    </marc:datafield>
    <marc:datafield tag="247" ind1="0" ind2="0">
      <marc:subfield code="a">Berliner Hefte für Probleme der Gesellschaft</marc:subfield>
      <marc:subfield code="f">Zusatz früher</marc:subfield>
    </marc:datafield>
    <marc:datafield tag="264" ind1="3" ind2="1">
      <marc:subfield code="a">Hamburg</marc:subfield>
      <marc:subfield code="a">Berlin</marc:subfield>
      <marc:subfield code="b">Argument-Verl.</marc:subfield>
      <marc:subfield code="c">1959-</marc:subfield>
    </marc:datafield>
    <marc:datafield tag="264" ind1="2" ind2="1">
      <marc:subfield code="3">1959-1961</marc:subfield>
      <marc:subfield code="a">Berlin</marc:subfield>
      <marc:subfield code="b">Haug</marc:subfield>
    </marc:datafield>
    <marc:datafield tag="264" ind1="2" ind2="1">
      <marc:subfield code="3">früher</marc:subfield>
      <marc:subfield code="a">Karlsruhe</marc:subfield>
      <marc:subfield code="b">Müller-Wirth</marc:subfield>
    </marc:datafield>
    <marc:datafield tag="264" ind1="2" ind2="1">
      <marc:subfield code="3">1976-1977</marc:subfield>
      <marc:subfield code="a">Karlsruhe</marc:subfield>
      <marc:subfield code="a">Berlin</marc:subfield>
      <marc:subfield code="b">Argument-Verl.</marc:subfield>
    </marc:datafield>
    <marc:datafield tag="264" ind1="2" ind2="1">
      <marc:subfield code="3">1972-1975;1978-1987</marc:subfield>
      <marc:subfield code="a">Berlin</marc:subfield>
      <marc:subfield code="b">Argument-Verl.</marc:subfield>
    </marc:datafield>
    <marc:datafield tag="336" ind1=" " ind2=" ">
      <marc:subfield code="a">Text</marc:subfield>
      <marc:subfield code="b">txt</marc:subfield>
      <marc:subfield code="2">rdacontent</marc:subfield>
    </marc:datafield>
    <marc:datafield tag="337" ind1=" " ind2=" ">
      <marc:subfield code="a">ohne Hilfsmittel zu benutzen</marc:subfield>
      <marc:subfield code="b">n</marc:subfield>
      <marc:subfield code="2">rdamedia</marc:subfield>
    </marc:datafield>
    <marc:datafield tag="338" ind1=" " ind2=" ">
      <marc:subfield code="a">Band</marc:subfield>
      <marc:subfield code="b">nc</marc:subfield>
      <marc:subfield code="2">rdacarrier</marc:subfield>
    </marc:datafield>
    <marc:datafield tag="362" ind1="0" ind2=" ">
      <marc:subfield code="a">[1.]1959 - [5.]1963; 6.1964 - ; auch mit durchgehender Nr.-Zählung</marc:subfield>
    </marc:datafield>
    <marc:datafield tag="363" ind1="0" ind2="0">
      <marc:subfield code="8">1.1\x</marc:subfield>
      <marc:subfield code="a">1</marc:subfield>
      <marc:subfield code="i">1959</marc:subfield>
    </marc:datafield>
    <marc:datafield tag="363" ind1="1" ind2="0">
      <marc:subfield code="8">1.2\x</marc:subfield>
      <marc:subfield code="a">5</marc:subfield>
      <marc:subfield code="i">1963</marc:subfield>
    </marc:datafield>
    <marc:datafield tag="363" ind1="0" ind2="1">
      <marc:subfield code="8">2.1\x</marc:subfield>
      <marc:subfield code="a">6</marc:subfield>
      <marc:subfield code="i">1964</marc:subfield>
    </marc:datafield>
    <marc:datafield tag="500" ind1=" " ind2=" ">
      <marc:subfield code="a">Erscheint anfangs zweimonatlich, bis 2018 viermal jährlich, 2019-2020 dreimal jährlich; 2021 viermal jährlich</marc:subfield>
    </marc:datafield>
    <marc:datafield tag="500" ind1=" " ind2=" ">
      <marc:subfield code="a">Repr.: Berlin : Argument-Verl., 1974</marc:subfield>
    </marc:datafield>
    <marc:datafield tag="555" ind1="8" ind2=" ">
      <marc:subfield code="a">Index 1/11.1959/69=Nr. 55.1971; 12/18.1970/76=Argument-Sonderbd. 20</marc:subfield>
    </marc:datafield>
    <marc:datafield tag="583" ind1="1" ind2=" ">
      <marc:subfield code="a">Archivierung/Langzeitarchivierung gewährleistet</marc:subfield>
      <marc:subfield code="f">PEHH</marc:subfield>
      <marc:subfield code="x">XA-DE-HH</marc:subfield>
      <marc:subfield code="5">DE-18</marc:subfield>
      <marc:subfield code="2">pdager</marc:subfield>
    </marc:datafield>
    <marc:datafield tag="650" ind1=" " ind2="7">
      <marc:subfield code="0">(DE-588)4055916-6</marc:subfield>
      <marc:subfield code="0">https://d-nb.info/gnd/4055916-6</marc:subfield>
      <marc:subfield code="0">(DE-101)040559165</marc:subfield>
      <marc:subfield code="a">Sozialwissenschaften</marc:subfield>
      <marc:subfield code="9">rswk-swf</marc:subfield>
      <marc:subfield code="2">gnd</marc:subfield>
    </marc:datafield>
    <marc:datafield tag="650" ind1=" " ind2="7">
      <marc:subfield code="0">(DE-588)4045791-6</marc:subfield>
      <marc:subfield code="0">https://d-nb.info/gnd/4045791-6</marc:subfield>
      <marc:subfield code="0">(DE-101)040457915</marc:subfield>
      <marc:subfield code="a">Philosophie</marc:subfield>
      <marc:subfield code="9">rswk-swf</marc:subfield>
      <marc:subfield code="2">gnd</marc:subfield>
    </marc:datafield>
    <marc:datafield tag="655" ind1=" " ind2="7">
      <marc:subfield code="0">(DE-588)4067488-5</marc:subfield>
      <marc:subfield code="0">https://d-nb.info/gnd/4067488-5</marc:subfield>
      <marc:subfield code="0">(DE-101)040674886</marc:subfield>
      <marc:subfield code="a">Zeitschrift</marc:subfield>
      <marc:subfield code="2">gnd-content</marc:subfield>
    </marc:datafield>
    <marc:datafield tag="689" ind1="0" ind2="0">
      <marc:subfield code="0">(DE-588)4055916-6</marc:subfield>
      <marc:subfield code="0">https://d-nb.info/gnd/4055916-6</marc:subfield>
      <marc:subfield code="0">(DE-101)040559165</marc:subfield>
      <marc:subfield code="D">s</marc:subfield>
      <marc:subfield code="a">Sozialwissenschaften</marc:subfield>
    </marc:datafield>
    <marc:datafield tag="689" ind1="0" ind2=" ">
      <marc:subfield code="5">DE-600</marc:subfield>
      <marc:subfield code="5">DE-600</marc:subfield>
    </marc:datafield>
    <marc:datafield tag="689" ind1="1" ind2="0">
      <marc:subfield code="0">(DE-588)4045791-6</marc:subfield>
      <marc:subfield code="0">https://d-nb.info/gnd/4045791-6</marc:subfield>
      <marc:subfield code="0">(DE-101)040457915</marc:subfield>
      <marc:subfield code="D">s</marc:subfield>
      <marc:subfield code="a">Philosophie</marc:subfield>
    </marc:datafield>
    <marc:datafield tag="689" ind1="1" ind2=" ">
      <marc:subfield code="5">DE-600</marc:subfield>
      <marc:subfield code="5">DE-600</marc:subfield>
    </marc:datafield>
    <marc:datafield tag="710" ind1="2" ind2=" ">
      <marc:subfield code="0">(DE-588)2168644-0</marc:subfield>
      <marc:subfield code="0">https://d-nb.info/gnd/2168644-0</marc:subfield>
      <marc:subfield code="0">(DE-101)952891662</marc:subfield>
      <marc:subfield code="a">Berliner Institut für Kritische Theorie</marc:subfield>
      <marc:subfield code="e">Herausgebendes Organ</marc:subfield>
      <marc:subfield code="4">isb</marc:subfield>
      <marc:subfield code="2">gnd</marc:subfield>
    </marc:datafield>
    <marc:datafield tag="770" ind1="0" ind2="8">
      <marc:subfield code="i">Supplement</marc:subfield>
      <marc:subfield code="n">Ab 1974 Beil.</marc:subfield>
      <marc:subfield code="t">Argument &lt;Berlin&gt; / Sonderband. Sonderband</marc:subfield>
      <marc:subfield code="d">Hamburg : Argument-Verl., 1974-</marc:subfield>
      <marc:subfield code="x">0341-3039</marc:subfield>
      <marc:subfield code="w">(DE-600)187189-4</marc:subfield>
      <marc:subfield code="w">(DE-101)011026162</marc:subfield>
    </marc:datafield>
    <marc:datafield tag="770" ind1="0" ind2="8">
      <marc:subfield code="i">Supplement</marc:subfield>
      <marc:subfield code="t">&#152;Das&#156; Argument &lt;Berlin&gt; / Beiheft</marc:subfield>
      <marc:subfield code="d">Berlin : Argument-Verl., 1979-1987</marc:subfield>
      <marc:subfield code="x">0722-964X</marc:subfield>
      <marc:subfield code="w">(DE-600)1044203-0</marc:subfield>
      <marc:subfield code="w">(DE-101)015762262</marc:subfield>
    </marc:datafield>
    <marc:datafield tag="770" ind1="0" ind2="8">
      <marc:subfield code="i">Supplement</marc:subfield>
      <marc:subfield code="t">&#152;Das&#156; Argument &lt;Berlin&gt; / Argument-Reprint. Argument-Reprint</marc:subfield>
      <marc:subfield code="d">Berlin : Argument-Verl., 1974-1974</marc:subfield>
      <marc:subfield code="w">(DE-600)516661-5</marc:subfield>
      <marc:subfield code="w">(DE-101)012735221</marc:subfield>
    </marc:datafield>
    <marc:datafield tag="770" ind1="0" ind2="8">
      <marc:subfield code="i">Supplement</marc:subfield>
      <marc:subfield code="t">&#152;Das&#156; Argument &lt;Berlin&gt; / Flugblatt-Sonderausgabe</marc:subfield>
      <marc:subfield code="d">Berlin : Argument-Verl., 1950-</marc:subfield>
      <marc:subfield code="w">(DE-600)505726-7</marc:subfield>
      <marc:subfield code="w">(DE-101)012654302</marc:subfield>
    </marc:datafield>
    <marc:datafield tag="770" ind1="0" ind2="8">
      <marc:subfield code="i">Supplement</marc:subfield>
      <marc:subfield code="t">&#152;Das&#156; Argument &lt;Berlin&gt; / Studienhefte. Studienhefte</marc:subfield>
      <marc:subfield code="d">Berlin : Argument-Verl., 1978-</marc:subfield>
      <marc:subfield code="w">(DE-600)283222-7</marc:subfield>
      <marc:subfield code="w">(DE-101)011762942</marc:subfield>
    </marc:datafield>
    <marc:datafield tag="776" ind1="0" ind2="8">
      <marc:subfield code="i">Erscheint auch als</marc:subfield>
      <marc:subfield code="n">Online-Ausgabe</marc:subfield>
      <marc:subfield code="t">&#152;Das&#156; Argument &lt;Berlin&gt;</marc:subfield>
      <marc:subfield code="d">Berlin : Berliner Institut für kritische Theorie e.V. - InkriT, 1961-1994</marc:subfield>
      <marc:subfield code="h">Online-Ressource</marc:subfield>
      <marc:subfield code="w">(DE-600)2744050-3</marc:subfield>
      <marc:subfield code="w">(DE-101)1044664037</marc:subfield>
    </marc:datafield>
    <marc:datafield tag="787" ind1="0" ind2="8">
      <marc:subfield code="i">Repr. von 1.1959/4.1962 zugl. 1 von</marc:subfield>
      <marc:subfield code="t">Argument &lt;Berlin&gt; / Sonderband. Sonderband</marc:subfield>
      <marc:subfield code="d">Hamburg : Argument-Verl., 1974-</marc:subfield>
      <marc:subfield code="x">0341-3039</marc:subfield>
      <marc:subfield code="w">(DE-600)187189-4</marc:subfield>
      <marc:subfield code="w">(DE-101)011026162</marc:subfield>
    </marc:datafield>
    <marc:datafield tag="787" ind1="0" ind2="8">
      <marc:subfield code="i">69=2 von</marc:subfield>
      <marc:subfield code="t">Kritik der bürgerlichen Medizin</marc:subfield>
      <marc:subfield code="d">Berlin ; Karlsruhe : Argument-Verl., 1970-1971</marc:subfield>
      <marc:subfield code="w">(DE-600)626040-8</marc:subfield>
      <marc:subfield code="w">(DE-101)01361987X</marc:subfield>
    </marc:datafield>
    <marc:datafield tag="787" ind1="0" ind2="8">
      <marc:subfield code="i">73=1 von</marc:subfield>
      <marc:subfield code="t">Probleme der Produktivkraftentwicklung</marc:subfield>
      <marc:subfield code="d">Berlin : Argument-Verl., 1972-</marc:subfield>
      <marc:subfield code="w">(DE-600)540459-9</marc:subfield>
      <marc:subfield code="w">(DE-101)01293268X</marc:subfield>
    </marc:datafield>
    <marc:datafield tag="787" ind1="0" ind2="8">
      <marc:subfield code="i">71=3; 78=4; 89=6 von</marc:subfield>
      <marc:subfield code="t">Argumente für eine soziale Medizin</marc:subfield>
      <marc:subfield code="d">Berlin : Argument-Verl., 1972-1981</marc:subfield>
      <marc:subfield code="w">(DE-600)540863-5</marc:subfield>
      <marc:subfield code="w">(DE-101)012936561</marc:subfield>
    </marc:datafield>
    <marc:datafield tag="787" ind1="0" ind2="8">
      <marc:subfield code="i">Index zu 12/18 u. Sonderbd. 2/12=20 von</marc:subfield>
      <marc:subfield code="t">Argument &lt;Berlin&gt; / Sonderband. Sonderband</marc:subfield>
      <marc:subfield code="d">Hamburg : Argument-Verl., 1974-</marc:subfield>
      <marc:subfield code="x">0341-3039</marc:subfield>
      <marc:subfield code="w">(DE-600)187189-4</marc:subfield>
      <marc:subfield code="w">(DE-101)011026162</marc:subfield>
    </marc:datafield>
    <marc:datafield tag="787" ind1="0" ind2="8">
      <marc:subfield code="i">17,Nr.91=1 von</marc:subfield>
      <marc:subfield code="t">Kritische Psychologie</marc:subfield>
      <marc:subfield code="d">Berlin : Argument-Verl., 1975-1977</marc:subfield>
      <marc:subfield code="w">(DE-600)282634-3</marc:subfield>
      <marc:subfield code="w">(DE-101)011759526</marc:subfield>
    </marc:datafield>
    <marc:datafield tag="787" ind1="0" ind2="8">
      <marc:subfield code="i">Einzelne Nr. zugl. Bd. von</marc:subfield>
      <marc:subfield code="t">Schule und Erziehung</marc:subfield>
      <marc:subfield code="d">Berlin ; Karlsruhe : Argument-Verl., 1964-1981</marc:subfield>
      <marc:subfield code="w">(DE-600)626034-2</marc:subfield>
      <marc:subfield code="w">(DE-101)013619853</marc:subfield>
    </marc:datafield>
    <marc:datafield tag="850" ind1=" " ind2=" ">
      <marc:subfield code="a">DE-101a</marc:subfield>
      <marc:subfield code="a">DE-101b</marc:subfield>
    </marc:datafield>
    <marc:datafield tag="889" ind1=" " ind2=" ">
      <marc:subfield code="w">(DE-101)941335739</marc:subfield>
    </marc:datafield>
    <marc:datafield tag="925" ind1="r" ind2=" ">
      <marc:subfield code="a">ra</marc:subfield>
    </marc:datafield>
  </marc:record>
</marc:collection>
